Municípios da Região Metropolitana da Serra Gaúcha (RS) no mapa - Statistics

Estatísticas Gerais
  • Esse quiz foi jogado 171 vezes
    130 desde o último reset
  • A pontuação média é 8 de 14
Respostas no mapa
Respostas codificadas por cores de uma escala verde-vermelha no mapa do quiz de acordo com a % correta abaixo.
 
Estatísticas das Respostas
Município % Correto
Caxias do Sul
94%
Bento Gonçalves
91%
Farroupilha
81%
Garibaldi
74%
Carlos Barbosa
70%
Flores da Cunha
61%
Antônio Prado
49%
São Marcos
47%
Nova Pádua
39%
Ipê
35%
Nova Roma do Sul
35%
Santa Tereza
30%
Pinto Bandeira
27%
Monte Belo do Sul
26%
Nenhum quiz correspondente encontrado
Distribuição das Pontuações
Porcentagem de Pessoas com Cada Pontuação
Percentil de Números Respondidos
Sua Pontuação Histórica
Você não jogou esse quiz desde o último reset